| 000 | 00702nam a22002417a 4500 | ||
|---|---|---|---|
| 999 |
_c33415 _d33415 |
||
| 001 | 2619 | ||
| 003 | CO-MdFUSB | ||
| 005 | 20171117083704.0 | ||
| 008 | 171117s1983 sp ||||| |||| 00| 0 spa d | ||
| 020 | _a84-7228-801-3 | ||
| 040 |
_aCO-MdFUSB _bspa _cCO-MdFUSB _dCO-MdFUSBC _erda |
||
| 041 | 0 | _aspa | |
| 082 | 0 | 4 | _aG 225.92 M6121q |
| 100 | 1 |
_aMeyer, F. B. (Frederick Brotherton) (1847-1929) _eautor |
|
| 245 | 0 |
_aPablo, siervo de Dios _c/ F. B. Meyer |
|
| 264 | 1 |
_aTerrassa, Barcelona, España : _bCLIE, _c1983 |
|
| 300 | _a257 Pag | ||
| 336 |
_2rdacontent _atexto _btxt |
||
| 337 |
_2rdamedia _asin mediación _bn |
||
| 338 |
_2rdacarrier _avolumen _bnc |
||
| 653 | _aPablo (apóstol) | ||
| 942 | _cBK | ||